-
Wiest, Jerome D & Levy Ferdinand K
Entry Personal Name
Number of records used in: 2
001 - CONTROL NUMBER
003 - CONTROL NUMBER IDENTIFIER
005 - DATE AND TIME OF LATEST TRANSACTION
- control field:
20160616100643.0
008 - FIXED-LENGTH DATA ELEMENTS
- fixed length control field:
160616|| aca||aabn | a|a d
040 ## - CATALOGING SOURCE
- Original cataloging agency:
OSt
- Transcribing agency:
OSt
100 ## - HEADING--PERSONAL NAME
- Personal name:
Wiest, Jerome D & Levy Ferdinand K
670 ## - SOURCE DATA FOUND
- Source citation:
Work cat.: (OSt): Wiest, Jerome D & Levy Ferdinand K, A Management Guide to PERI/CPM